LEADER 00942cam0-22003371i-450- 001 990005789170403321 005 20071002092640.0 010 $a0-333-28329-5 035 $a000578917 035 $aFED01000578917 035 $a(Aleph)000578917FED01 035 $a000578917 100 $a19990604d1983----km-y0itay50------ba 101 0 $aeng 102 $aGB 105 $ay-------001yy 200 1 $a20th century poetry$fintroduction by Stan Smith 210 $aLondon$cMacMillan$d1983 215 $a159 p.$d25 cm 225 1 $aGreat writers student library$v9 610 0 $aPoesia inglese$aSec. 20.$aAntologie 610 0 $aPoesia inglese$aSec. 20.$aBiobliografie 676 $a821.91 702 1$aSmith,$bStan 801 0$aIT$bUNINA$gRICA$2UNIMARC 901 $aBK 912 $a990005789170403321 952 $a016.82391 G.W.S.L. 9$bBIBL. 57284$fFLFBC 959 $aFLFBC 996 $a20th century poetry$9569010 997 $aUNINA LEADER 01295nam a2200349 i 4500 001 991001030239707536 005 20020507181940.0 008 960321s1983 us ||| | eng 020 $a0521289750 035 $ab10791401-39ule_inst 035 $aLE01305985$9ExL 040 $aDip.to Matematica$beng 082 0 $a512.2 084 $aAMS 22C05 084 $aAMS 22D10 084 $aAMS 22D12 100 1 $aRobert, Alain$0350118 245 10$aIntroduction to the representation theory of compact and locally compact groups /$cAlain Robert 260 $aCambridge :$bCambridge University Press,$c1983 300 $aviii, 205 p. :$bill. ;$c23 cm 490 0 $aLondon Mathematical Society lecture note series,$x0076-0552 ;$v80 500 $aBibliography: p. 202-203. 500 $aIncludes index 650 0$aCompact groups 650 0$aLocally compact groups 650 0$aRepresentations of groups 907 $a.b10791401$b23-02-17$c28-06-02 912 $a991001030239707536 945 $aLE013 22C05 ROB11 (1983)$g1$i2013000043968$lle013$o-$pE0.00$q-$rl$s- $t0$u0$v0$w0$x0$y.i10891985$z28-06-02 996 $aIntroduction to the representation theory of compact and locally compact groups$982553 997 $aUNISALENTO 998 $ale013$b01-01-96$cm$da $e-$feng$gus $h0$i1